| 000 | 00545nam a2200193 4500 | ||
|---|---|---|---|
| 001 | 13166 | ||
| 005 | 20230410115622.0 | ||
| 008 | 060907n2001 dr spa | ||
| 020 | _a8430604383 | ||
| 035 | _9funglode13279 | ||
| 041 | _aES | ||
| 050 | 1 | 4 | _aHF 5548.32 O59e 2001 |
| 100 | _aOntiveros, Emilio | ||
| 245 | 1 | 3 |
_aLa economÃa en la red : _bnueva economÃa, nuevas finanzas / _cEmilio Ontiveros |
| 260 |
_aMadrid : _bGrupo Santillana de Ediciones, _c2001 |
||
| 300 | _a238 p. | ||
| 440 | _aTaurusesdigital | ||
| 942 |
_2lcc _cbk |
||
| 999 |
_c44781 _d44781 |
||